000 01019nam a22002537a 4500
005 20240530110516.0
008 160207s2013 ua a g 000 0 ara d
017 _a2012/14476
_bمصر . دار الكتب المصرية
020 _a9789776410015
040 _aEG-CaGPL
082 0 4 _221
_a342.02\
_bع ت
100 0 _aعبدالعزيز رمضان على الخطابى .
245 1 0 _aتغيير الحكومات بالقوة :
_bدراسة فى القانون الدستورى و القانون الدولى العام /
_cعبدالعزيز رمضان على الخطابى .
250 _aط1.
260 _aالاسكندرية :
_bدار الجامعة الجديدة ،
_c2013 .
300 _a220 ص ؛
_c24 سم .
650 0 4 _aالدستور .
650 0 4 _aالديمقراطية .
650 0 4 _aالقانون الدولى .
650 0 4 _aالقانون و السياسة .
650 0 4 _aالقانون الدستورى .
942 _2ddc
_cBK
999 _c61798
_d61798